| 000 -ლიდერი |
| ფიქსირებული სიგრძის საკონტროლო ველი |
01521nam a22002417a 4500 |
| 003 - საკონტროლო ნომრის იდენტიფიკატორი |
| საკონტროლო ველი |
Ge_BSU |
| 005 - ბოლო ოპერაციის თარიღი და დრო |
| საკონტროლო ველი |
20250423151908.0 |
| 008 - ფიქსირებული სიგრძის მონაცემთა ელემენტები - ზოგადი ინფორმაცია |
| ფიქსირებული სიგრძის საკონტროლო ველი |
250423s2021 ge ||||| |||| 00| 0 geo d |
| 020 ## - წიგნის საერთაშორისო სტანდარტული ნომერი |
| International Standard Book Number |
9789941843020 |
| 041 ## - ენის კოდი |
| Language code of text/sound track or separate title |
geo |
| 080 ## - უნივერსალური ათობითი კლასიფიკაციის ინდექსი |
| Universal Decimal Classification number |
712.422(075.8) ყ-44 |
| 245 ## - ცნობა სათაურის შესახებ |
| Title |
ყვავილნარები - დაპროექტება, მოწყობა, მოვლა : |
| Remainder of title |
დამხმარე სახელმძღვანელო / |
| Statement of responsibility, etc |
ეთერ ბენიძე, იზა ოჩხიკიძე, ქეთევან ქუთელია, გიორგი კილაძე ; რედაქტორი რამაზ კილაძე ; აკაკი წერეთლის სახელმწ. უნივერსიტეტი. |
| 264 ## - წარმოების, გამოცემის, დისტრიბუციის და სხვა ცნობები |
| გამოცემის, წარმოების, დისტრიბუციის... ადგილი |
ქუთაისი, |
| გამოცემის, წარმოების, დისტრიბუციის... თარიღი |
2022. |
| 300 ## - ფიზიკური აღწერა |
| Extent |
176 გვ. : |
| Other physical details |
ილ. ; |
| Dimensions |
25 სმ. |
| 504 ## - BIBLIOGRAPHY, ETC. NOTE |
| Bibliography, etc |
ბიბლიოგრაფია: გვ. 173. |
| 700 ## - ADDED ENTRY--PERSONAL NAME |
| Personal name |
ბენიძე, ეთერ |
| Relator term |
ავტორი |
| 9 (RLIN) |
20722 |
| 700 ## - ADDED ENTRY--PERSONAL NAME |
| Personal name |
ოჩხიკიძე, იზა |
| Relator term |
ავტორი |
| 9 (RLIN) |
24912 |
| 700 ## - ADDED ENTRY--PERSONAL NAME |
| Personal name |
ქუთელია, ქეთევან |
| Relator term |
ავტორი |
| 9 (RLIN) |
24913 |
| 700 ## - ADDED ENTRY--PERSONAL NAME |
| Personal name |
კილაძე, გიორგი |
| Relator term |
ავტორი |
| 9 (RLIN) |
24914 |
| 700 ## - ADDED ENTRY--PERSONAL NAME |
| Personal name |
კილაძე, რამაზ |
| Relator term |
რედაქტორი |
| 9 (RLIN) |
16987 |
| 710 ## - ADDED ENTRY--CORPORATE NAME |
| Corporate name or jurisdiction name as entry element |
აკაკი წერეთლის სახელმწიფო უნივერსიტეტი |
| 9 (RLIN) |
24915 |
| 942 ## - ADDED ENTRY ELEMENTS (KOHA) |
| Source of classification or shelving scheme |
|
| Koha item type |
წიგნი |